000 00311nam a22001217a 4500
008 181015b xxu||||| |||| 00| 0 eng d
041 _aeng
080 _a591
100 _a7
101 _aZOO
245 _aDoes the Animal drug Rx and O-T-C issues impact Human and Animal Health
_cPowers,J.D
942 _2udc
_cBK
999 _c49626
_d49626